|
|
|
|
| LEADER |
03123nam a22005295i 4500 |
| 001 |
978-3-319-03053-1 |
| 003 |
DE-He213 |
| 005 |
20151204143129.0 |
| 007 |
cr nn 008mamaa |
| 008 |
131125s2014 gw | s |||| 0|eng d |
| 020 |
|
|
|a 9783319030531
|9 978-3-319-03053-1
|
| 024 |
7 |
|
|a 10.1007/978-3-319-03053-1
|2 doi
|
| 040 |
|
|
|d GrThAP
|
| 050 |
|
4 |
|a RC434.2-574
|
| 072 |
|
7 |
|a MMH
|2 bicssc
|
| 072 |
|
7 |
|a MED105000
|2 bisacsh
|
| 082 |
0 |
4 |
|a 616.89
|2 23
|
| 100 |
1 |
|
|a Derzelle, Martine.
|e author.
|
| 245 |
1 |
0 |
|a Towards a Psychosomatic Conception of Hypochondria
|h [electronic resource] :
|b The Impeded Thought /
|c by Martine Derzelle.
|
| 264 |
|
1 |
|a Cham :
|b Springer International Publishing :
|b Imprint: Springer,
|c 2014.
|
| 300 |
|
|
|a XII, 121 p. 4 illus.
|b online resource.
|
| 336 |
|
|
|a text
|b txt
|2 rdacontent
|
| 337 |
|
|
|a computer
|b c
|2 rdamedia
|
| 338 |
|
|
|a online resource
|b cr
|2 rdacarrier
|
| 347 |
|
|
|a text file
|b PDF
|2 rda
|
| 505 |
0 |
|
|a Questions -- Problems -- Problem Definition -- Negative Reports or “a Certain Discourse Used in a Certain Way” -- From Biological Body to Metaphorical Body -- A New Starting Point -- Hypochondria, Projective Parenthesis -- A Different Relation to Oneself and to the Other Person -- Towards a Psychosomatic Conception of Hypochondria.
|
| 520 |
|
|
|a A rigorous and groundbreaking study. Martine Derzelle is the first researcher to approach hypochondria as a relational pathology. Martine Derzelle is the first researcher to approach hypochondria as a relational pathology. The author tackles a subject that has puzzled care professionals for decades: hypochondria. Martine Derzelle confronts all specialists (psychotherapists, psychiatrists, doctors, psychosomaticians) with the paradox of this pathology and the theoretical void on which the approach to those patients who express a suffering of various kinds has stood for more than a century. In the first part, the author highlights the lack of theoretical elaboration on hypochondria in the existent literature; in the second part, on the basis of clinical examples, she analyzes the nature of the disease, and then offers a completely innovative theoretical elaboration. Finally, in the third part, she proposes a new and specific approach to treating this pathology at both the theoretical and clinical levels within the framework of psychoanalysis and implementing key concepts from relational psychosomatics.
|
| 650 |
|
0 |
|a Medicine.
|
| 650 |
|
0 |
|a Internal medicine.
|
| 650 |
|
0 |
|a Gastroenterology.
|
| 650 |
|
0 |
|a Pain medicine.
|
| 650 |
|
0 |
|a Psychiatry.
|
| 650 |
|
0 |
|a Psychotherapy.
|
| 650 |
|
0 |
|a Psychoanalysis.
|
| 650 |
1 |
4 |
|a Medicine & Public Health.
|
| 650 |
2 |
4 |
|a Psychiatry.
|
| 650 |
2 |
4 |
|a Psychotherapy.
|
| 650 |
2 |
4 |
|a Psychoanalysis.
|
| 650 |
2 |
4 |
|a Internal Medicine.
|
| 650 |
2 |
4 |
|a Gastroenterology.
|
| 650 |
2 |
4 |
|a Pain Medicine.
|
| 710 |
2 |
|
|a SpringerLink (Online service)
|
| 773 |
0 |
|
|t Springer eBooks
|
| 776 |
0 |
8 |
|i Printed edition:
|z 9783319030524
|
| 856 |
4 |
0 |
|u http://dx.doi.org/10.1007/978-3-319-03053-1
|z Full Text via HEAL-Link
|
| 912 |
|
|
|a ZDB-2-SME
|
| 950 |
|
|
|a Medicine (Springer-11650)
|